Štúdium sorpčných vlastností materiálov používaných pri zachytávaní organických látok
Enregistré dans:
| Auteur principal: | |
|---|---|
| Autres auteurs: | |
| Format: | Manuscrit Livre |
| Langue: | slovaque |
| Publié: |
2019
|
| Sujets: | |
| Accès en ligne: | http://is.stuba.sk/zp/portal_zp.pl?podrobnosti=143527 |
| Tags: |
Pas de tags, Soyez le premier à ajouter un tag!
|
MARC
| LEADER | 00000ntm a22000003a 4500 | ||
|---|---|---|---|
| 001 | stuzp74163 | ||
| 003 | SK-STU | ||
| 005 | 20190608212917.1 | ||
| 007 | ta | ||
| 008 | 150427s2015----xo-----f-mn---000-0-slo-d | ||
| 040 | |a STU |b slo | ||
| 041 | 0 | |a slo | |
| 100 | 1 | |a Godovčin, Peter |u 065000 |k Z4 |4 aut |U MTF Materiálovotechnologická fakulta |T MTF Ústav integrovanej bezpečnosti |X 73346 |U M5000 |Y 85 |7 73346 | |
| 242 | 0 | 1 | |a Study of the sorption properties of materials used to capture organic matter |y eng |
| 245 | 1 | 0 | |a Štúdium sorpčných vlastností materiálov používaných pri zachytávaní organických látok |
| 260 | |c 2019 | ||
| 650 | 4 | |a sorbenty |2 slo | |
| 650 | 4 | |a recyklácia |2 slo | |
| 650 | 4 | |a výkonnosť |2 slo | |
| 650 | 4 | |a odkvapkávací čas |2 slo | |
| 650 | 4 | |a sorpčná kapacita |2 slo | |
| 650 | 4 | |a rezná kvapalina |2 slo | |
| 650 | 4 | |a hydraulický olej |2 slo | |
| 650 | 4 | |a motorová nafta |2 slo | |
| 650 | 4 | |a sorbents |2 eng | |
| 650 | 4 | |a dripping time |2 eng | |
| 650 | 4 | |a performance |2 eng | |
| 650 | 4 | |a cutting fluids |2 eng | |
| 650 | 4 | |a hydraulic oil |2 eng | |
| 650 | 4 | |a diesel |2 eng | |
| 650 | 4 | |a sorption capacity |2 eng | |
| 650 | 4 | |a recycling |2 eng | |
| 700 | 1 | |a Kobetičová, Hana |u 065300 |k Z1 |4 ths |U MTF Ústav integrovanej bezpečnosti |T MTF Katedra požiarneho inžinierstva |X 48499 |U M5300 |Y 193 |7 A000048499 | |
| 856 | 4 | |u http://is.stuba.sk/zp/portal_zp.pl?podrobnosti=143527 | |
| 996 | |c M* DP-13908 |l MMSKP |s P |a 0 |w stuzp74163_0001 | ||